[Event "Winnipeg op"]
[Site "Winnipeg CAN"]
[Date "2017.07.04"]
[Round "5"]
[White "Nones, Teodulfo"]
[Black "Baron, Gustav"]
[Result "1-0"]
[WhiteElo "2281"]
[BlackElo "2151"]
[WhiteFideId "-1"]
[WhiteFideId "-1"]
[PlyCount "53"]
[GameId "2160767740940929"]
[EventDate "2017.06.06"]
[EventType "swiss"]
[EventRounds "8"]
[EventCountry "CAN"]

1. e4 c5 2. Nf3 e6 3. d3 Nc6 4. g3 Nf6 5. Bg2 d5 6. Nbd2 Be7 7. O-O O-O 8. Re1 b6 9. e5 Nd7 10. Nf1 Qc7 11. Bf4 Ba6 12. h4 Rac8 13. h5 Nd4 14. h6 g6 15. N1h2 Rfe8 16. Ng4 Bf8 17. Bg5 Bb7 18. c3 Nf5 19. Qd2 b5 20. Nh4 a5 21. Qf4 Qb8 22. Nh2 Qc7 23. Bh3 Qc6 24. Bg2 Qc7 25. N2f3 Nb6 26. g4 Ne7 27. Nd2 {[etc. White won in moves. ]} 1-0

[Event "Winnipeg op"]
[Site "Winnipeg CAN"]
[Date "2017.07.04"]
[Round "5"]
[White "Prince, Colin"]
[Black "Khedkar, Jay"]
[Result "1-0"]
[WhiteElo "1863"]
[BlackElo "2027"]
[WhiteFideId "-1"]
[WhiteFideId "-1"]
[PlyCount "83"]
[GameId "2160767908411288"]
[EventDate "2017.06.06"]
[EventType "swiss"]
[EventRounds "8"]
[EventCountry "CAN"]
[SourceTitle "EXT 2022"]
[Source "ChessBase"]
[SourceDate "2021.10.06"]
[SourceVersion "1"]
[SourceVersionDate "2021.10.06"]
[SourceQuality "1"]

1. e4 c5 2. Nf3 d6 3. d4 cxd4 4. Nxd4 Nf6 5. Nc3 e6 6. Be3 Be7 7. Be2 Nc6 8. O-O Qc7 9. f4 Bd7 10. Bf3 a6 11. a4 Rd8 12. Qe1 g6 13. Qf2 Na5 14. Rad1 Nc4 15. Bc1 e5 16. Nde2 d5 17. Nxd5 Nxd5 18. Rxd5 Bc6 19. Rxd8+ Kxd8 20. b3 Nd6 21. Be3 Kc8 22. Bb6 Qd7 23. Rd1 Qe6 24. Qe3 Re8 25. Nc3 Bf6 26. Qc5 Be7 27. Qxe5 Bf8 28. Qxe6+ fxe6 29. e5 Bxf3 30. gxf3 Nf5 31. Ne4 Bh6 32. Nf6 Rh8 33. Rd7 Bxf4 34. Rc7+ Kb8 35. Nd7+ Ka8 36. Bf2 Rd8 37. Nc5 Bxe5 38. Rxh7 Nd4 39. Nxb7 Rf8 40. Na5 Nxf3+ 41. Kg2 Ng5 42. Ra7+ 1-0

[Event "Winnipeg op"]
[Site "Winnipeg CAN"]
[Date "2017.07.04"]
[Round "5"]
[White "Reimer, Bruce"]
[Black "Czarny, Keith"]
[Result "1-0"]
[WhiteElo "1692"]
[BlackElo "1664"]
[WhiteFideId "-1"]
[WhiteFideId "-1"]
[PlyCount "73"]
[GameId "2160767908411289"]
[EventDate "2017.06.06"]
[EventType "swiss"]
[EventRounds "8"]
[EventCountry "CAN"]
[SourceTitle "EXT 2022"]
[Source "ChessBase"]
[SourceDate "2021.10.06"]
[SourceVersion "1"]
[SourceVersionDate "2021.10.06"]
[SourceQuality "1"]

1. c4 e6 2. g3 f5 3. Bg2 Nf6 4. Nc3 Bb4 5. e3 Nc6 6. Nge2 O-O 7. O-O Ne7 8. a3 Bd6 9. d4 c6 10. e4 fxe4 11. Nxe4 Nxe4 12. Bxe4 Bc7 13. Qd3 g6 14. Bg5 Rf5 15. Bxf5 exf5 16. Nc3 Qf8 17. Rae1 Bd8 18. Re2 d5 19. Rfe1 Kf7 20. Bxe7 Bxe7 21. Rxe7+ Qxe7 22. Rxe7+ Kxe7 23. cxd5 Bd7 24. Qe3+ Kf7 25. Qh6 Kg8 26. dxc6 bxc6 27. d5 Re8 28. Kf1 cxd5 29. Nxd5 Bb5+ 30. Kg2 Bc6 31. Qd2 Rd8 32. Kh3 Bxd5 33. Kh4 Rd7 34. b4 Be6 35. Qe2 Kf7 36. Kg5 Bc4 37. Qxc4+ 1-0

[Event "Winnipeg op"]
[Site "Winnipeg CAN"]
[Date "2017.07.04"]
[Round "5"]
[White "Remillard, John"]
[Black "Piche, Jeremie"]
[Result "1/2-1/2"]
[WhiteElo "1636"]
[BlackElo "1686"]
[WhiteFideId "-1"]
[WhiteFideId "-1"]
[PlyCount "67"]
[GameId "2160767908411290"]
[EventDate "2017.06.06"]
[EventType "swiss"]
[EventRounds "8"]
[EventCountry "CAN"]
[SourceTitle "EXT 2022"]
[Source "ChessBase"]
[SourceDate "2021.10.06"]
[SourceVersion "1"]
[SourceVersionDate "2021.10.06"]
[SourceQuality "1"]

1. d4 Nf6 2. Nf3 b6 3. g3 Bb7 4. Bg2 e6 5. O-O c5 6. c3 d5 7. a3 Bd6 8. b4 c4 9. Nbd2 O-O 10. Ne5 Nbd7 11. Nexc4 dxc4 12. Bxb7 Rb8 13. Bg2 b5 14. e4 Bc7 15. a4 a6 16. axb5 axb5 17. Bb2 Nb6 18. Qc2 Na4 19. Nxc4 Nxb2 20. Nxb2 Bb6 21. Qe2 Qc7 22. Rfc1 Rfc8 23. Nd3 Qc4 24. Bf1 Ra8 25. Rxa8 Rxa8 26. Qf3 Qc6 27. Bg2 Rc8 28. Ne5 Qa8 29. d5 Qa3 30. Rc2 Qb3 31. Qd3 Qb1+ 32. Bf1 exd5 33. exd5 Re8 34. Re2 1/2-1/2

[Event "Winnipeg op"]
[Site "Winnipeg CAN"]
[Date "2017.07.04"]
[Round "5"]
[White "Swift, Ryne"]
[Black "Bince, Rolando"]
[Result "0-1"]
[WhiteElo "1927"]
[BlackElo "2051"]
[WhiteFideId "-1"]
[WhiteFideId "-1"]
[PlyCount "84"]
[GameId "2160767908411291"]
[EventDate "2017.06.06"]
[EventType "swiss"]
[EventRounds "8"]
[EventCountry "CAN"]
[SourceTitle "EXT 2022"]
[Source "ChessBase"]
[SourceDate "2021.10.06"]
[SourceVersion "1"]
[SourceVersionDate "2021.10.06"]
[SourceQuality "1"]

1. e4 g6 2. d4 c5 3. c3 b6 4. dxc5 bxc5 5. Qd5 Nc6 6. Qxc5 Nf6 7. Bd3 Bb7 8. Nf3 d6 9. Qe3 Bg7 10. O-O O-O 11. Nbd2 Ng4 12. Qe2 Bh6 13. Nc4 Bxc1 14. Raxc1 Qc7 15. h3 Nge5 16. Nfxe5 Nxe5 17. Nxe5 dxe5 18. Bc4 Kg7 19. b3 Rad8 20. Rfd1 e6 21. Rxd8 Rxd8 22. f3 Qd6 23. Qe3 Qa3 24. Rc2 Qd6 25. Be2 Rd7 26. c4 Qb4 27. Kf2 Rd4 28. c5 Bc6 29. a4 Qb8 30. Bb5 Qc8 31. Rc4 Rd7 32. Qc3 f6 33. b4 a6 34. Bxc6 Qxc6 35. Qb3 Rd2+ 36. Kg1 Qd7 37. c6 Qc7 38. Qc3 Rd1+ 39. Kh2 h5 40. b5 axb5 41. axb5 h4 42. Qb4 Qa7 0-1

[Event "Winnipeg op"]
[Site "Winnipeg CAN"]
[Date "2017.07.04"]
[Round "5"]
[White "Wolchock, Theo"]
[Black "Boron, Anthony"]
[Result "1-0"]
[WhiteElo "2103"]
[BlackElo "2058"]
[WhiteFideId "-1"]
[WhiteFideId "-1"]
[PlyCount "79"]
[GameId "2160767908411292"]
[EventDate "2017.06.06"]
[EventType "swiss"]
[EventRounds "8"]
[EventCountry "CAN"]
[SourceTitle "EXT 2022"]
[Source "ChessBase"]
[SourceDate "2021.10.06"]
[SourceVersion "1"]
[SourceVersionDate "2021.10.06"]
[SourceQuality "1"]

1. c4 e5 2. g3 Nf6 3. Bg2 h6 4. Nc3 Bb4 5. Nd5 Nxd5 6. cxd5 O-O 7. a3 Bc5 8. Qc2 d6 9. Nf3 Bg4 10. O-O Nd7 11. b4 Bb6 12. Bb2 Nf6 13. e4 Qd7 14. d4 exd4 15. Nxd4 Bh3 16. Rae1 Bxg2 17. Kxg2 Rae8 18. Nf5 Re5 19. Bxe5 dxe5 20. Rd1 g6 21. Ne3 Kg7 22. Nc4 Bd4 23. Na5 Ng4 24. h3 Nf6 25. Nb3 Bb6 26. f4 exf4 27. gxf4 Kh7 28. Qc4 Nh5 29. Qd3 Qe7 30. Qf3 Qh4 31. Qg4 Qe7 32. e5 f5 33. Qf3 g5 34. Qxh5 gxf4 35. Rxf4 Qxe5 36. Qf3 Be3 37. Re1 Rg8+ 38. Kh1 Qxf4 39. Qxe3 Qh4 40. Qe7+ 1-0

[Event "Winnipeg op"]
[Site "Winnipeg CAN"]
[Date "2017.07.11"]
[Round "6"]
[White "Bince, Rolando"]
[Black "Babb, Jeff"]
[Result "0-1"]
[WhiteElo "2051"]
[BlackElo "2120"]
[WhiteFideId "-1"]
[WhiteFideId "-1"]
[PlyCount "111"]
[GameId "2160767908411293"]
[EventDate "2017.06.06"]
[EventType "swiss"]
[EventRounds "8"]
[EventCountry "CAN"]
[SourceTitle "EXT 2022"]
[Source "ChessBase"]
[SourceDate "2021.10.06"]
[SourceVersion "1"]
[SourceVersionDate "2021.10.06"]
[SourceQuality "1"]

1. c4 e5 2. Nc3 Nc6 3. Nf3 g6 4. d3 Bg7 5. Bg5 f6 6. Bd2 d6 7. g3 Be6 8. Bg2 Qd7 9. h3 Nge7 10. e4 O-O 11. a3 a5 12. Qa4 h6 13. Nd5 Kh7 14. g4 f5 15. g5 fxe4 16. dxe4 h5 17. Be3 Ng8 18. Rc1 b6 19. Qb5 Rf7 20. b4 axb4 21. axb4 Raf8 22. Nd2 Rb8 23. f3 Rff8 24. Kf2 Rfe8 25. h4 Nce7 26. Qxd7 Bxd7 27. Nc3 Nc6 28. Rb1 Ra8 29. Rb2 Nge7 30. Rhb1 Nd4 31. Nd5 Nxd5 32. cxd5 Ra7 33. Bf1 Rf8 34. b5 Rf7 35. Kg3 Ra3 36. Bxd4 exd4 37. Rb3 Ra2 38. R1b2 Be5+ 39. Kg2 Ra8 40. Rb1 Ra2 41. R1b2 Ra1 42. Bd3 Rf4 43. Rc2 Rxh4 44. Nf1 Ra7 45. Kf2 Rf4 46. Rb1 Rf7 47. Kg2 Kg7 48. Rbc1 Be8 49. Ng3 Bf4 50. Rf1 Bxg5 51. Ne2 Be3 52. Rd1 Ra4 53. f4 Ra7 54. Kf3 Bxf4 55. Nxd4 Be5+ 56. Ke3 0-1

[Event "Winnipeg op"]
[Site "Winnipeg CAN"]
[Date "2017.07.11"]
[Round "6"]
[White "Czarny, Keith"]
[Black "Gannon, Keith"]
[Result "1/2-1/2"]
[WhiteElo "1664"]
[BlackElo "1618"]
[WhiteFideId "-1"]
[WhiteFideId "-1"]
[PlyCount "128"]
[GameId "2160767908411294"]
[EventDate "2017.06.06"]
[EventType "swiss"]
[EventRounds "8"]
[EventCountry "CAN"]
[SourceTitle "EXT 2022"]
[Source "ChessBase"]
[SourceDate "2021.10.06"]
[SourceVersion "1"]
[SourceVersionDate "2021.10.06"]
[SourceQuality "1"]

1. Nf3 Nf6 2. c4 b6 3. g3 Bb7 4. Bg2 g6 5. O-O Bg7 6. Nc3 O-O 7. d4 d6 8. Bd2 Nbd7 9. Qc1 Re8 10. Re1 e5 11. dxe5 dxe5 12. Bg5 Qc8 13. Qc2 h6 14. Be3 Ng4 15. Bh3 Nxe3 16. fxe3 f5 17. Rad1 e4 18. Nd4 c6 19. Rd2 Qc7 20. Red1 Rad8 21. Qb3 Nc5 22. Qc2 Bc8 23. b4 Ne6 24. b5 Nxd4 25. exd4 c5 26. d5 Bd4+ 27. Kh1 Be3 28. d6 Qg7 29. Rd5 Bd4 30. Nb1 Rd7 31. Qb3 Bb7 32. e3 Bxd5 33. exd4 Bf7 34. dxc5 bxc5 35. b6 axb6 36. Qxb6 Bxc4 37. Qxc5 Bxa2 38. Nc3 Be6 39. Ne2 Qf7 40. Nf4 Bb3 41. Rc1 e3 42. Bf1 g5 43. Ne2 Bd5+ 44. Kg1 Qe6 45. Nc3 Bb3 46. Rb1 Qxd6 47. Qxd6 Rxd6 48. Rxb3 Kg7 49. Rb7+ Kg6 50. Bc4 Rc8 51. Bf7+ Kf6 52. Nd5+ Ke5 53. Nxe3 Rc1+ 54. Kg2 Rd2+ 55. Kh3 g4+ 56. Nxg4+ fxg4+ 57. Kxg4 Rxh2 58. Rb5+ Kf6 59. Rf5+ Kg7 60. Be8 Rc4+ 61. Rf4 Rxf4+ 62. Kxf4 Rf2+ 63. Ke4 Re2+ 64. Kf3 Re5 1/2-1/2

[Event "Winnipeg op"]
[Site "Winnipeg CAN"]
[Date "2017.07.11"]
[Round "6"]
[White "Czypinski, Jaroslaw"]
[Black "Evans, Jason"]
[Result "1-0"]
[WhiteElo "1959"]
[BlackElo "1619"]
[WhiteFideId "-1"]
[WhiteFideId "-1"]
[PlyCount "71"]
[GameId "2160767908411295"]
[EventDate "2017.06.06"]
[EventType "swiss"]
[EventRounds "8"]
[EventCountry "CAN"]
[SourceTitle "EXT 2022"]
[Source "ChessBase"]
[SourceDate "2021.10.06"]
[SourceVersion "1"]
[SourceVersionDate "2021.10.06"]
[SourceQuality "1"]

1. e4 e6 2. d4 d5 3. Nc3 Nf6 4. e5 Nfd7 5. f4 c5 6. Nf3 Nc6 7. a3 cxd4 8. Nxd4 Nxd4 9. Qxd4 Bc5 10. Qd3 O-O 11. Be3 Bxe3 12. Qxe3 a6 13. Bd3 b5 14. Ne2 Nb6 15. b3 Bb7 16. Nd4 Rc8 17. O-O Nd7 18. b4 Nb6 19. Qh3 h6 20. f5 Qg5 21. Rae1 Rc3 22. fxe6 Bc8 23. Bh7+ Kxh7 24. Qxc3 Nc4 25. exf7 Nd2 26. Nf3 Nxf3+ 27. Rxf3 Be6 28. Ref1 d4 29. Qd3+ Kh8 30. Qxd4 Bc4 31. Qd6 Bxf1 32. Qxf8+ Kh7 33. Qg8+ Kg6 34. f8=N+ Kh5 35. Qf7+ g6 36. Rh3+ 1-0

[Event "Winnipeg op"]
[Site "Winnipeg CAN"]
[Date "2017.07.11"]
[Round "6"]
[White "Einarsson, Ken"]
[Black "Trueman, Francis"]
[Result "1-0"]
[WhiteElo "1777"]
[BlackElo "1424"]
[WhiteFideId "-1"]
[WhiteFideId "-1"]
[PlyCount "71"]
[GameId "2160767908411296"]
[EventDate "2017.06.06"]
[EventType "swiss"]
[EventRounds "8"]
[EventCountry "CAN"]
[SourceTitle "EXT 2022"]
[Source "ChessBase"]
[SourceDate "2021.10.06"]
[SourceVersion "1"]
[SourceVersionDate "2021.10.06"]
[SourceQuality "1"]

1. d4 Nf6 2. c4 d6 3. Nf3 Nbd7 4. Nc3 e5 5. dxe5 dxe5 6. Bg5 g6 7. e3 Bg7 8. Be2 O-O 9. O-O c6 10. Ne4 Qc7 11. Nd6 Ne8 12. Be7 Nxd6 13. Bxd6 Qd8 14. Bxf8 Qxf8 15. Rb1 Qe8 16. Ng5 Nf6 17. f3 Bd7 18. Qb3 Qe7 19. Qxb7 Re8 20. b4 Bh6 21. h4 Nh5 22. Qxa7 f5 23. Rfd1 Rd8 24. Qc5 Qe8 25. Rd2 e4 26. f4 Bf8 27. Qb6 h6 28. Nh3 Ng3 29. Rbd1 Be7 30. Qa5 Ra8 31. Qe5 Ra7 32. c5 Nxe2+ 33. Rxe2 Qd8 34. Red2 Bf6 35. Rxd7 Rxd7 36. Qe6+ 1-0

[Event "Winnipeg op"]
[Site "Winnipeg CAN"]
[Date "2017.07.11"]
[Round "6"]
[White "Hemphill, Jim"]
[Black "Swift, Ryne"]
[Result "0-1"]
[WhiteElo "1762"]
[BlackElo "1927"]
[WhiteFideId "-1"]
[WhiteFideId "-1"]
[PlyCount "64"]
[GameId "2160767908411297"]
[EventDate "2017.06.06"]
[EventType "swiss"]
[EventRounds "8"]
[EventCountry "CAN"]
[SourceTitle "EXT 2022"]
[Source "ChessBase"]
[SourceDate "2021.10.06"]
[SourceVersion "1"]
[SourceVersionDate "2021.10.06"]
[SourceQuality "1"]

1. d4 d5 2. Bf4 e6 3. Nf3 Nf6 4. e3 Bd6 5. Bg3 O-O 6. Bd3 b6 7. Nbd2 Bb7 8. c3 c5 9. Ne5 c4 10. Bc2 b5 11. a3 Nc6 12. f4 Ne7 13. Qf3 Nd7 14. Bf2 f5 15. Nxd7 Qxd7 16. h4 a5 17. h5 b4 18. Bh4 Bc6 19. Rg1 bxc3 20. bxc3 Rab8 21. g4 Rf7 22. Qg2 Rb2 23. Bb1 Ba4 24. Qg3 Qb7 25. Bxe7 Rxe7 26. gxf5 Rxd2 27. f6 Rd1+ 28. Kf2 Qb2+ 29. Kf3 Rxg1 30. Qxg1 Rf7 31. Bxh7+ Kxh7 32. Rb1 Qc2 0-1

[Event "Winnipeg op"]
[Site "Winnipeg CAN"]
[Date "2017.07.11"]
[Round "6"]
[White "Jenkins, Mark"]
[Black "Magyar, Peter"]
[Result "1-0"]
[WhiteElo "1409"]
[BlackElo "1559"]
[WhiteFideId "-1"]
[WhiteFideId "-1"]
[PlyCount "115"]
[GameId "2160767908411298"]
[EventDate "2017.06.06"]
[EventType "swiss"]
[EventRounds "8"]
[EventCountry "CAN"]
[SourceTitle "EXT 2022"]
[Source "ChessBase"]
[SourceDate "2021.10.06"]
[SourceVersion "1"]
[SourceVersionDate "2021.10.06"]
[SourceQuality "1"]

1. d4 e6 2. c4 c5 3. e3 Nf6 4. Bd3 cxd4 5. exd4 b6 6. Nf3 Be7 7. O-O O-O 8. Nc3 a6 9. Be3 Bb7 10. Re1 Qc7 11. Qe2 Bd6 12. g3 Be7 13. Bg5 d6 14. Rac1 Nbd7 15. Ne4 Rac8 16. b3 Qb8 17. Red1 Qa8 18. Re1 Rfe8 19. Nfd2 d5 20. Nxf6+ Nxf6 21. Bf4 Bb4 22. Be5 Be7 23. Bxf6 Bxf6 24. Nf3 dxc4 25. Be4 Bxe4 26. Qxe4 Qxe4 27. Rxe4 cxb3 28. Rxc8 Rxc8 29. axb3 h6 30. Kf1 b5 31. Ke1 a5 32. Kd2 a4 33. Re3 a3 34. b4 Ra8 35. Re1 a2 36. Ra1 g5 37. Kc3 Be7 38. Kb3 Ra4 39. Ne5 Rxb4+ 40. Kxa2 Rxd4 41. Nc6 Rd2+ 42. Kb3 Bf6 43. Ra5 Rxf2 44. Rxb5 Rxh2 45. Kc4 Rg2 46. Rb3 h5 47. Rf3 Kg7 48. Rb3 g4 49. Rd3 h4 50. gxh4 Bxh4 51. Rd1 Rf2 52. Rg1 g3 53. Kd3 g2 54. Ne5 Bd8 55. Ng4 Ra2 56. Ne3 Bb6 57. Rxg2+ Rxg2 58. Nxg2 1-0

[Event "Winnipeg op"]
[Site "Winnipeg CAN"]
[Date "2017.07.11"]
[Round "6"]
[White "Khedkar, Jay"]
[Black "Reimer, Bruce"]
[Result "1-0"]
[WhiteElo "2027"]
[BlackElo "1692"]
[WhiteFideId "-1"]
[WhiteFideId "-1"]
[PlyCount "102"]
[GameId "2160767908411299"]
[EventDate "2017.06.06"]
[EventType "swiss"]
[EventRounds "8"]
[EventCountry "CAN"]
[SourceTitle "EXT 2022"]
[Source "ChessBase"]
[SourceDate "2021.10.06"]
[SourceVersion "1"]
[SourceVersionDate "2021.10.06"]
[SourceQuality "1"]

1. d4 d6 2. e4 g6 3. Nc3 Bg7 4. Bc4 e6 5. Nf3 Ne7 6. O-O O-O 7. Bg5 h6 8. Be3 a6 9. a4 Nd7 10. Qd2 Kh7 11. Rad1 b6 12. Ne1 Bb7 13. f3 e5 14. d5 f5 15. Nd3 f4 16. Bf2 g5 17. Rfe1 Ng6 18. Kf1 Nf6 19. Ke2 g4 20. Rh1 Bc8 21. Rdg1 Nh5 22. Kd1 Bf6 23. Ne1 Bg5 24. Qe2 g3 25. hxg3 Nxg3 26. Bxg3 fxg3 27. Nd3 b5 28. Bb3 bxa4 29. Bxa4 a5 30. Qe1 Bh4 31. Ne2 Qg5 32. Qd2 Qf6 33. Qc3 Qe7 34. Qc6 Ba6 35. Qd7 Qxd7 36. Bxd7 Bxd3 37. cxd3 a4 38. Bf5 Bg5 39. Kc2 Be3 40. Ra1 Bf2 41. Ra3 Bc5 42. Ra2 Bf2 43. Rha1 Rfb8 44. Rxa4 Rxa4 45. Rxa4 h5 46. Rc4 Bd4 47. Nxd4 exd4 48. Rxc7+ Kh6 49. Bxg6 Kxg6 50. Rc6 Kg5 51. Rc7 Kf4 1-0

[Event "Winnipeg op"]
[Site "Winnipeg CAN"]
[Date "2017.07.11"]
[Round "6"]
[White "Leaden, Bruce"]
[Black "Marshall, Ken"]
[Result "1-0"]
[WhiteElo "1427"]
[BlackElo "1542"]
[WhiteFideId "-1"]
[WhiteFideId "-1"]
[PlyCount "53"]
[GameId "2160767908411300"]
[EventDate "2017.06.06"]
[EventType "swiss"]
[EventRounds "8"]
[EventCountry "CAN"]
[SourceTitle "EXT 2022"]
[Source "ChessBase"]
[SourceDate "2021.10.06"]
[SourceVersion "1"]
[SourceVersionDate "2021.10.06"]
[SourceQuality "1"]

1. e4 e5 2. Bc4 Nf6 3. d4 Nc6 4. d5 Na5 5. Bd3 g6 6. Nf3 d6 7. b4 c6 8. bxa5 cxd5 9. Bb5+ Ke7 10. a4 Qxa5+ 11. Bd2 Qb6 12. O-O a6 13. Be2 dxe4 14. Be3 Qc6 15. Nfd2 Bf5 16. Bg5 h6 17. Bxf6+ Kxf6 18. c4 Bg7 19. Nc3 h5 20. f3 Qc5+ 21. Kh1 Qc6 22. fxe4 Ke6 23. exf5+ gxf5 24. Nd5 Rhg8 25. Ra2 Bh6 26. Qc2 Rg5 27. h4 1-0

[Event "Winnipeg op"]
[Site "Winnipeg CAN"]
[Date "2017.07.11"]
[Round "6"]
[White "Marshall, Carter"]
[Black "Goodman, Clifford"]
[Result "0-1"]
[WhiteElo "1451"]
[BlackElo "1667"]
[WhiteFideId "-1"]
[WhiteFideId "-1"]
[PlyCount "65"]
[GameId "2160767908411301"]
[EventDate "2017.06.06"]
[EventType "swiss"]
[EventRounds "8"]
[EventCountry "CAN"]
[SourceTitle "EXT 2022"]
[Source "ChessBase"]
[SourceDate "2021.10.06"]
[SourceVersion "1"]
[SourceVersionDate "2021.10.06"]
[SourceQuality "1"]

1. e4 c5 2. d4 cxd4 3. c3 dxc3 4. Nxc3 Nc6 5. Bc4 e6 6. Nf3 d6 7. Bg5 Be7 8. Qd2 Bxg5 9. Nxg5 Nf6 10. Nb5 O-O 11. Nxd6 Ne5 12. Rd1 Nxc4 13. Nxc4 Qxd2+ 14. Rxd2 h6 15. e5 hxg5 16. exf6 gxf6 17. O-O e5 18. Rfd1 Be6 19. Nd6 Rfd8 20. Nxb7 Rxd2 21. Rxd2 Rc8 22. f3 Bxa2 23. g4 Rc1+ 24. Kg2 Bb3 25. Na5 Be6 26. Nb3 Bxb3 27. Kf2 Rc2 28. Ke2 Rxd2+ 29. Kxd2 a5 30. Kc3 a4 31. Kb4 Kg7 32. h4 Kg6 33. Kc5 0-1

[Event "Winnipeg op"]
[Site "Winnipeg CAN"]
[Date "2017.07.11"]
[Round "6"]
[White "Wolchock, Theo"]
[Black "Prince, Colin"]
[Result "1/2-1/2"]
[WhiteElo "2103"]
[BlackElo "1863"]
[WhiteFideId "-1"]
[WhiteFideId "-1"]
[PlyCount "66"]
[GameId "2160767908411304"]
[EventDate "2017.06.06"]
[EventType "swiss"]
[EventRounds "8"]
[EventCountry "CAN"]
[SourceTitle "EXT 2022"]
[Source "ChessBase"]
[SourceDate "2021.10.06"]
[SourceVersion "1"]
[SourceVersionDate "2021.10.06"]
[SourceQuality "1"]

1. c4 c6 2. g3 d5 3. b3 Nf6 4. Bb2 Nbd7 5. Bg2 e5 6. e3 Be7 7. Ne2 O-O 8. O-O Re8 9. d4 e4 10. Nbc3 Nf8 11. Nf4 Ng6 12. Nxg6 hxg6 13. f3 Bf8 14. fxe4 dxe4 15. Qc2 Bf5 16. Rad1 Qc8 17. a3 Bh3 18. b4 Bxg2 19. Kxg2 Ng4 20. Qe2 f5 21. h3 Nf6 22. Rd2 Bd6 23. c5 Bb8 24. d5 cxd5 25. Nxd5 Nh5 26. Nf4 Qc7 27. Nxh5 gxh5 28. Qxh5 Qxg3+ 29. Kh1 Be5 30. Bxe5 Rxe5 31. Rd7 f4 32. Qxe5 Qxh3+ 33. Kg1 Qg3+ 1/2-1/2

[Event "Winnipeg op"]
[Site "Winnipeg CAN"]
[Date "2017.07.18"]
[Round "7"]
[White "Boron, Anthony"]
[Black "Czypinski, Jaroslaw"]
[Result "1-0"]
[WhiteElo "2058"]
[BlackElo "1959"]
[WhiteFideId "-1"]
[WhiteFideId "-1"]
[PlyCount "45"]
[GameId "2160767908411305"]
[EventDate "2017.06.06"]
[EventType "swiss"]
[EventRounds "8"]
[EventCountry "CAN"]
[SourceTitle "EXT 2022"]
[Source "ChessBase"]
[SourceDate "2021.10.06"]
[SourceVersion "1"]
[SourceVersionDate "2021.10.06"]
[SourceQuality "1"]

1. e4 d5 2. exd5 Qxd5 3. Nf3 Bg4 4. Be2 Nc6 5. d4 O-O-O 6. c4 Qa5+ 7. Bd2 Qb6 8. c5 Qxb2 9. Bc3 Nxd4 10. Bxb2 Nxf3+ 11. Bxf3 Rxd1+ 12. Bxd1 Bd7 13. O-O e6 14. Bf3 Nf6 15. Bd4 Be7 16. Nc3 Rd8 17. Be3 g5 18. Rab1 c6 19. Bxg5 Rg8 20. Bxf6 Bxf6 21. Ne4 Be7 22. Rfd1 Kc7 23. Rxb7+ 1-0

[Event "Winnipeg op"]
[Site "Winnipeg CAN"]
[Date "2017.07.18"]
[Round "7"]
[White "Gannon, Keith"]
[Black "Jenkins, Mark"]
[Result "1/2-1/2"]
[WhiteElo "1618"]
[BlackElo "1409"]
[WhiteFideId "-1"]
[WhiteFideId "-1"]
[PlyCount "98"]
[GameId "2160767908411307"]
[EventDate "2017.06.06"]
[EventType "swiss"]
[EventRounds "8"]
[EventCountry "CAN"]
[SourceTitle "EXT 2022"]
[Source "ChessBase"]
[SourceDate "2021.10.06"]
[SourceVersion "1"]
[SourceVersionDate "2021.10.06"]
[SourceQuality "1"]

1. e4 c6 2. d4 d5 3. Nc3 dxe4 4. Nxe4 Bf5 5. Nc3 e6 6. Nf3 Be7 7. Be2 Nf6 8. O-O O-O 9. Ne5 Nbd7 10. Nxd7 Qxd7 11. Bf3 Rfd8 12. Be3 b6 13. a3 Rac8 14. Re1 c5 15. dxc5 Bxc5 16. Qxd7 Rxd7 17. Bxc5 Rxc5 18. Rac1 h6 19. h3 Rc8 20. g4 Bh7 21. Kg2 Rcd8 22. Re3 Rd2 23. Ne4 Bxe4 24. Bxe4 Nxe4 25. Rxe4 Rc8 26. Ra4 Rc7 27. b4 Kf8 28. c4 Ke7 29. c5 Kd7 30. Rc3 b5 31. Ra6 Kc8 32. c6 Rd6 33. Rc5 Rd5 34. a4 Rxc5 35. bxc5 b4 36. Ra5 Rxc6 37. Rb5 Kc7 38. Kf3 a6 39. Rxb4 Rxc5 40. Rf4 Rc3+ 41. Kg2 f6 42. Re4 Rc6 43. f4 Kd7 44. Rd4+ Rd6 45. Rb4 Kc7 46. Rc4+ Rc6 47. Rb4 Rc5 48. Kf3 a5 49. Re4 Rc6 1/2-1/2

[Event "Winnipeg op"]
[Site "Winnipeg CAN"]
[Date "2017.07.18"]
[Round "7"]
[White "Khedkar, Jay"]
[Black "Beach, Brock"]
[Result "0-1"]
[WhiteElo "2027"]
[BlackElo "1869"]
[WhiteFideId "-1"]
[WhiteFideId "-1"]
[PlyCount "38"]
[GameId "2160767908411308"]
[EventDate "2017.06.06"]
[EventType "swiss"]
[EventRounds "8"]
[EventCountry "CAN"]
[SourceTitle "EXT 2022"]
[Source "ChessBase"]
[SourceDate "2021.10.06"]
[SourceVersion "1"]
[SourceVersionDate "2021.10.06"]
[SourceQuality "1"]

1. d4 Nf6 2. c4 e6 3. Nf3 b6 4. g3 Bb7 5. Bg2 c5 6. O-O Be7 7. Nc3 O-O 8. d5 exd5 9. Ne5 d6 10. Nxd5 Nxd5 11. Bxd5 Qc7 12. Ng4 Bxd5 13. Qxd5 Qc6 14. Ne3 Qxd5 15. Nxd5 Nc6 16. Bf4 Rad8 17. Rad1 Rfe8 18. Nc7 Rf8 19. e3 g5 0-1

[Event "Winnipeg op"]
[Site "Winnipeg CAN"]
[Date "2017.07.18"]
[Round "7"]
[White "Leaden, Bruce"]
[Black "Czarny, Keith"]
[Result "0-1"]
[WhiteElo "1427"]
[BlackElo "1664"]
[WhiteFideId "-1"]
[WhiteFideId "-1"]
[PlyCount "60"]
[GameId "2160767908411309"]
[EventDate "2017.06.06"]
[EventType "swiss"]
[EventRounds "8"]
[EventCountry "CAN"]
[SourceTitle "EXT 2022"]
[Source "ChessBase"]
[SourceDate "2021.10.06"]
[SourceVersion "1"]
[SourceVersionDate "2021.10.06"]
[SourceQuality "1"]

1. e4 b6 2. d4 Bb7 3. Nc3 e6 4. Bd3 Nc6 5. Nge2 Be7 6. O-O Nb4 7. Bb5 a6 8. Ba4 Bg5 9. f4 Be7 10. a3 Nc6 11. d5 Na5 12. Nd4 b5 13. Bb3 Nxb3 14. Nxb3 c5 15. d6 Bf8 16. Nxc5 Bc6 17. e5 Nh6 18. Qe1 g6 19. Ne2 a5 20. Nd4 Qb6 21. b4 axb4 22. Qxb4 Nf5 23. Nxf5 gxf5 24. Be3 Rg8 25. Rf2 Ra4 26. Qb3 Bd5 27. Nxa4 Qb7 28. Nc5 Qc6 29. c4 Bxg2 30. Qb2 Bh3+ 0-1